000 00563cam a22002291 4500
001 sa 64005983
003 DLC
005 20260227112036.0
008 890710s1963 ii b 000 0 hino
010 _asa 64005983
035 _a(OCoLC)19987258
040 _aDLC
_cWaU
_dDLC
042 _apremarc
050 0 0 _aPK3798.M21
_bZ9
100 1 _aŚarmā, Manamohana Lāḷa Jagannātha.
245 1 0 _aMahākavi Māgha.
260 _c[1963]
300 _a524, [1] p.
_c25 cm.
500 _aIn Hindi.
504 _aBibliography: p. [525]
600 0 0 _aMāgha.
999 _c59447
_d59447